[Event "IECC KO-5049"]
[Site "IECC email"]
[Date "2005.10.24"]
[Round "?"]
[White "Humphreys, Bill"]
[Black "Coleman, Michael"]
[Result "0-1"]
[WhiteElo "1270"]
[BlackElo "1616"]
[PlyCount "56"]
[EventDate "2005.??.??"]
[EventType "match (corr)"]
[EventRounds "2"]
[SourceTitle "Corr 2008"]
[Source "ChessBase"]
[SourceDate "2008.06.24"]
[SourceVersion "1"]
[SourceVersionDate "2008.06.24"]
[SourceQuality "1"]

1. d4 Nf6 2. Nf3 d6 3. Nc3 g6 4. e4 Bg7 5. Be3 0-0 6. Qd2 Bg4 7. Be2 e5 8. h3 Bxf3 9. Bxf3 exd4 10. Bxd4 Nc6 11. Be3 Re8 12. 0-0 Qd7 13. a3 a6 14. Rad1 Ne5 15. Qe2 Nxf3+ 16. Qxf3 Qc6 17. Rd4 Nd7 18. Rb4 Bxc3 19. bxc3 a5 20. Rbb1 Rxe4 21. Bh6 Rae8 22. Rbd1 Qa4 23. Qd3 Qxa3 24. f3 Qc5+ 25. Kh1 Re2 26. c4 Qe5 27. f4 Qh5 28. Bg5 R8e3 0-1

[Event "IECC P email"]
[Site "IECC email"]
[Date "2002.11.25"]
[Round "?"]
[White "Coleman, Michael"]
[Black "Theofel, Heiner"]
[Result "1-0"]
[WhiteElo "1580"]
[BlackElo "1396"]
[PlyCount "23"]
[EventDate "2002.??.??"]
[EventType "tourn (corr)"]
[EventRounds "6"]
[SourceTitle "Corr 2008"]
[Source "ChessBase"]
[SourceDate "2008.06.24"]
[SourceVersion "1"]
[SourceVersionDate "2008.06.24"]
[SourceQuality "1"]

1. Nf3 g6 2. e4 Bg7 3. d4 d6 4. Bc4 Nf6 5. Qe2 Bg4 6. e5 dxe5 7. dxe5 Nd5 8. 0-0 Bxf3 9. Qxf3 e6 10. Re1 Nd7 11. Bxd5 exd5 12. e6 1-0

[Event "IECC KO email"]
[Site "IECC email"]
[Date "2002.03.15"]
[Round "?"]
[White "Cashon, John J"]
[Black "Coleman, Michael"]
[Result "1/2-1/2"]
[WhiteElo "1841"]
[BlackElo "1552"]
[PlyCount "136"]
[EventDate "2002.??.??"]
[EventType "tourn (corr)"]
[EventRounds "6"]
[SourceTitle "Corr 2008"]
[Source "ChessBase"]
[SourceDate "2008.06.24"]
[SourceVersion "1"]
[SourceVersionDate "2008.06.24"]
[SourceQuality "1"]

1. e4 d6 2. d4 Nf6 3. Nc3 g6 4. Nf3 Bg7 5. Be2 0-0 6. 0-0 c6 7. Be3 Nbd7 8. Qd2 b5 9. a3 Bb7 10. Bh6 Bxh6 11. Qxh6 Qc7 12. b4 a6 13. Rad1 c5 14. bxc5 Rfd8 15. Qh4 Rac8 16. Rfe1 Qa5 17. Nd5 Bxd5 18. exd5 dxc5 19. dxc5 Rxc5 20. Nd4 Qxa3 21. c4 bxc4 22. Nc6 Re8 23. Bxc4 Qa4 24. Rd4 e5 25. dxe6 fxe6 26. Nb8 Rxc4 27. Rxc4 Qa5 28. Rcc1 Rxb8 29. Rxe6 Rb6 30. Qc4 Rxe6 31. Qxe6+ Kg7 32. Qd6 Kf7 33. h3 g5 34. g3 Qb5 35. Ra1 Nc5 36. Qc7+ Nfd7 37. Rd1 a5 38. Ra1 a4 39. Rd1 a3 40. Qa7 Qe2 41. Rc1 Kg6 42. Qxa3 Ne4 43. Qe3 Qxe3 44. fxe3 Nxg3 45. Rc7 Nf6 46. Ra7 h5 47. Kg2 Nf5 48. Kf3 Nh4+ 49. Ke2 g4 50. Ra4 Nf5 51. hxg4 hxg4 52. Kf2 Nd6 53. Kg3 Kg5 54. Ra5+ Nf5+ 55. Kg2 Kg6 56. Ra4 Ng7 57. Kg3 Ngh5+ 58. Kh4 g3 59. Ra1 Ne4 60. Rg1 Kh6 61. Kg4 Nhf6+ 62. Kf3 Kg5 63. Rxg3+ Kf5 64. Rg7 Nd5 65. Ke2 Nc5 66. Rh7 Nc3+ 67. Kf3 Nd3 68. Rh5+ Kg6 1/2-1/2

[Event "IECC P email"]
[Site "IECC email"]
[Date "1999.02.14"]
[Round "?"]
[White "Ellis, Roscoe"]
[Black "Coleman, Michael"]
[Result "0-1"]
[WhiteElo "1079"]
[BlackElo "1425"]
[PlyCount "66"]
[EventDate "1999.??.??"]
[EventType "tourn (corr)"]
[EventRounds "6"]
[SourceTitle "Corr 2008"]
[Source "ChessBase"]
[SourceDate "2008.06.24"]
[SourceVersion "1"]
[SourceVersionDate "2008.06.24"]
[SourceQuality "1"]

1. e4 d6 2. c4 e5 3. Nf3 Nc6 4. Nc3 Bg4 5. h3 Bxf3 6. Qxf3 Nd4 7. Qd3 Nf6 8. Be2 Be7 9. 0-0 0-0 10. Nb5 Nxb5 11. cxb5 d5 12. exd5 Qxd5 13. Qxd5 Nxd5 14. Bf3 Rad8 15. Bxd5 Rxd5 16. b3 Rxb5 17. Bb2 Rd8 18. Rad1 e4 19. Rfe1 f5 20. Re3 Bg5 21. Rg3 f4 22. Rc3 Bf6 23. Rc2 Bxb2 24. Rxb2 f3 25. g3 Rbd5 26. Rc2 R8d7 27. Re1 Rxd2 28. Rxd2 Rxd2 29. Rxe4 Rd1+ 30. Kh2 Rf1 31. Rf4 Rxf2+ 32. Kg1 Rg2+ 33. Kf1 Rxg3 0-1